| 000 | 00372nam a2200145Ia 4500 | ||
|---|---|---|---|
| 008 | 230917s9999||||xx |||||||||||||| ||und|| | ||
| 040 |
_e59607 _aMAIN |
||
| 041 | _aEnglish | ||
| 082 | _a320.5 W889L | ||
| 100 | _aWoozley, A D | ||
| 245 | 0 | _aLaw and obedience: the arguments of Plato's crito | |
| 260 |
_aLondon _bDuckworth _c1979 |
||
| 300 | _avii, 160 p. | ||
| 942 | _cBK | ||
| 999 |
_c203305 _d203305 |
||